000 00351nam a22001337a 4500
040 _cFIZZA ISHAQ
082 _a690.0285
_bRAF
100 _aPAUL, CHARLES SACKES RAFAEL.
_986288
245 _aBIM TLAND BOOK /
_cRAFAEL SACKES CHARLES PAUL.
250 _a3rd ED.
260 _aCANADA :
_bJHON WILEY SON,
_c2018.
300 _a659 P. ;
942 _2ddc
_cBK
999 _c587280
_d587280